[Event "Mittelfranken Landesliga Sued 2223"]
[Site "Mittelfranken"]
[Date "2023.04.23"]
[Round "9.6"]
[White "Tuchenhagen, Axel"]
[Black "Motl, Martin"]
[Result "0-1"]
[WhiteElo "1996"]
[BlackElo "2198"]
[PlyCount "76"]
[EventDate "2022.10.09"]
[EventType "team-tourn"]
[EventRounds "9"]
[EventCountry "GER"]
[SourceTitle "EXT 2024"]
[Source "ChessBase"]
[SourceDate "2023.10.10"]
[SourceVersion "1"]
[SourceVersionDate "2023.10.10"]
[SourceQuality "1"]
[WhiteTeam "Starnberg"]
[BlackTeam "Muenchen Zugzwang II"]
[WhiteTeamCountry "GER"]
[BlackTeamCountry "GER"]

1. d4 Nf6 2. Nc3 d5 3. Bf4 e6 4. e3 Be7 5. Nf3 0-0 6. Bd3 c5 7. Nb5 c4 8. Bxh7+ Nxh7 9. Nc7 Bd6 10. Nxa8 Bxf4 11. exf4 Nc6 12. c3 Bd7 13. h4 f6 14. Qd2 Qxa8 15. 0-0-0 Qb8 16. Rdg1 b5 17. g4 b4 18. Kd1 f5 19. g5 bxc3 20. bxc3 Qb1+ 21. Ke2 Qe4+ 22. Qe3 Rb8 23. Qxe4 fxe4 24. Nd2 Rb2 25. Ke3 Rxa2 26. Ra1 Rc2 27. Rhc1 Rxc1 28. Rxc1 Ne7 29. Ra1 Nf5+ 30. Ke2 Be8 31. Nf1 Nxh4 32. Ne3 Bh5+ 33. Kf1 Nf8 34. Rxa7 Nfg6 35. Ra8+ Kf7 36. Ra7+ Kg8 37. Ra8+ Kh7 38. f5 Nxf5 0-1

[Event "Mittelfrank Regionalliga Sud-Ost 2122"]
[Site "Mittelfranken"]
[Date "2022.05.29"]
[Round "9.7"]
[White "Tuchenhagen, Axel"]
[Black "Krause, Karl Heinz"]
[Result "1-0"]
[WhiteElo "2022"]
[BlackElo "1333"]
[PlyCount "79"]
[EventDate "2021.10.24"]
[EventType "team-tourn"]
[EventRounds "9"]
[EventCountry "GER"]
[SourceTitle "EXT 2024"]
[Source "ChessBase"]
[SourceDate "2023.10.10"]
[SourceVersion "1"]
[SourceVersionDate "2023.10.10"]
[SourceQuality "1"]
[WhiteTeam "Starnberg"]
[BlackTeam "Landau Dingolfing"]
[WhiteTeamCountry "GER"]
[BlackTeamCountry "GER"]

1. d4 d5 2. Nf3 Nf6 3. Bf4 Nc6 4. e3 h6 5. c3 e6 6. Nbd2 Be7 7. Bd3 Nh5 8. 0-0 Nxf4 9. exf4 0-0 10. Re1 Bf6 11. Qe2 Ne7 12. Ne5 Nc6 13. Ng4 e5 14. Nxe5 Nxe5 15. fxe5 Bg5 16. g3 Bxd2 17. Qxd2 Qg5 18. f4 Qg4 19. Qe2 Bd7 20. Qxg4 Bxg4 21. Kg2 Rae8 22. f5 g6 23. fxg6 fxg6 24. Bxg6 Bf3+ 25. Kg1 Re7 26. Bd3 Bg4 27. Rf1 Rf3 28. Rxf3 Bxf3 29. Kf2 Bg4 30. Ke3 h5 31. Rf1 c5 32. Rf6 b6 33. Rg6+ Kf8 34. Rd6 Be6 35. Be2 Kg7 36. Bxh5 Kh6 37. Bg4 cxd4+ 38. Kxd4 a5 39. Rxe6+ Rxe6 40. Bxe6 1-0

[Event "Mittelfrank Regionalliga Sud-Ost 2122"]
[Site "Mittelfranken"]
[Date "2021.10.24"]
[Round "1.8"]
[White "Tuchenhagen, Axel"]
[Black "Hofer, Tobias"]
[Result "1-0"]
[WhiteElo "2022"]
[BlackElo "1565"]
[PlyCount "59"]
[EventDate "2021.10.24"]
[EventType "team-tourn"]
[EventRounds "9"]
[EventCountry "GER"]
[SourceTitle "EXT 2024"]
[Source "ChessBase"]
[SourceDate "2023.10.10"]
[SourceVersion "1"]
[SourceVersionDate "2023.10.10"]
[SourceQuality "1"]
[WhiteTeam "Starnberg"]
[BlackTeam "Ortenburg"]
[WhiteTeamCountry "GER"]
[BlackTeamCountry "GER"]

1. b3 e5 2. Bb2 d6 3. e3 Nf6 4. c4 Be7 5. Be2 0-0 6. Nc3 Nc6 7. Nf3 Re8 8. 0-0 e4 9. Ne1 Bf5 10. Rc1 Ne5 11. d4 exd3 12. Nxd3 c6 13. Qd2 Ng6 14. Rfd1 d5 15. cxd5 Nxd5 16. Na4 Bg5 17. Bd4 Qe7 18. Bf3 Nh4 19. Bxd5 cxd5 20. Nc3 Qe6 21. Ne1 Bg4 22. f3 Bh5 23. Nb5 Bxe3+ 24. Bxe3 Qxe3+ 25. Qxe3 Rxe3 26. Rxd5 Rae8 27. Rxh5 Rxe1+ 28. Rxe1 Rxe1+ 29. Kf2 Re6 30. Rxh4 1-0

[Event "Regionalliga Sued-Ost 1819"]
[Site "Bayern"]
[Date "2019.02.24"]
[Round "7.6"]
[White "Schneider, Roland"]
[Black "Tuchenhagen, Axel"]
[Result "0-1"]
[WhiteElo "2072"]
[BlackElo "2034"]
[PlyCount "55"]
[EventDate "2018.10.21"]
[EventType "team-tourn"]
[EventRounds "9"]
[EventCountry "GER"]
[SourceTitle "EXT 2022"]
[Source "ChessBase"]
[SourceDate "2021.10.06"]
[SourceVersion "1"]
[SourceVersionDate "2021.10.06"]
[SourceQuality "1"]
[WhiteTeam "Passau II"]
[BlackTeam "Starnberg SC"]
[WhiteTeamCountry "GER"]
[BlackTeamCountry "GER"]

1. e4 e5 2. Nf3 Nc6 3. Bc4 Bc5 4. b4 Bxb4 5. c3 Ba5 6. d4 Bb6 7. dxe5 Nge7 8. 0-0 0-0 9. Ba3 h6 10. Bd5 Re8 11. c4 Nxd5 12. exd5 Nxe5 13. Nxe5 Rxe5 14. c5 Ba5 15. Bb2 Re8 16. Na3 d6 17. Qa4 b6 18. Nc4 dxc5 19. Nxa5 bxa5 20. Rfd1 Rb8 21. Bc3 Bf5 22. Qf4 Bc2 23. Rdc1 Bg6 24. Rd1 Re4 25. Qg3 Rb7 26. Bxa5 Rd4 27. Qe5 Qd6 28. Bxc7 0-1

[Event "Regionalliga Sued-Ost 1819"]
[Site "Bayern"]
[Date "2018.10.21"]
[Round "1.7"]
[White "Manco, Michela"]
[Black "Tuchenhagen, Axel"]
[Result "0-1"]
[WhiteElo "1643"]
[BlackElo "2034"]
[PlyCount "76"]
[EventDate "2018.10.21"]
[EventType "team-tourn"]
[EventRounds "9"]
[EventCountry "GER"]
[SourceTitle "EXT 2022"]
[Source "ChessBase"]
[SourceDate "2021.10.06"]
[SourceVersion "1"]
[SourceVersionDate "2021.10.06"]
[SourceQuality "1"]
[WhiteTeam "Tegernsee TV"]
[BlackTeam "Starnberg SC"]
[WhiteTeamCountry "GER"]
[BlackTeamCountry "GER"]

1. e4 e5 2. Bc4 Qe7 3. d3 g6 4. Nf3 Bg7 5. Ng5 Nh6 6. Nc3 c6 7. f4 exf4 8. Bxf4 b5 9. Bb3 a5 10. a3 Na6 11. 0-0 0-0 12. Qd2 d6 13. Rab1 Kh8 14. Ne2 Nc5 15. Ba2 f6 16. Nf3 Nf7 17. Ng3 Be6 18. Bxe6 Nxe6 19. Be3 Ne5 20. h3 d5 21. Rbe1 Qc7 22. Qf2 Rab8 23. b3 Nxf3+ 24. Qxf3 d4 25. Bd2 c5 26. Qg4 Rbe8 27. Ne2 c4 28. Nf4 Nxf4 29. Bxf4 Qc5 30. Qg3 Re6 31. bxc4 bxc4 32. dxc4 Qxc4 33. Qd3 Rc8 34. Rc1 Bf8 35. Bd2 a4 36. Rfd1 Qc6 37. Re1 Rce8 38. Qxd4 Bc5 0-1

[Event "Oberbayern Bezirksliga 1718"]
[Site "Germany"]
[Date "2018.02.25"]
[Round "7.3"]
[White "Tuchenhagen, Axel"]
[Black "Mittermeier, Josef"]
[Result "1/2-1/2"]
[WhiteElo "2027"]
[BlackElo "1938"]
[PlyCount "70"]
[EventDate "2017.10.22"]
[EventType "team-tourn"]
[EventRounds "9"]
[EventCountry "GER"]
[SourceTitle "EXT 2019"]
[Source "ChessBase"]
[SourceDate "2018.10.10"]
[SourceVersion "1"]
[SourceVersionDate "2018.10.10"]
[SourceQuality "1"]
[WhiteTeam "Starnberg II"]
[BlackTeam "Dorfen"]
[WhiteTeamCountry "GER"]
[BlackTeamCountry "GER"]

1. d4 d5 2. Nf3 c6 3. e3 Bg4 4. h3 Bxf3 5. Qxf3 e6 6. Nd2 f5 7. g4 g6 8. Be2 Nf6 9. Qg2 Nbd7 10. g5 Ne4 11. Nxe4 dxe4 12. Bd2 Bg7 13. 0-0-0 Qe7 14. h4 0-0-0 15. h5 Nb6 16. h6 Bf8 17. c4 Rg8 18. Kb1 Qf7 19. b3 Ba3 20. Bc3 Qf8 21. f3 exf3 22. Bxf3 Bb4 23. Ba1 Qf7 24. Bb2 Be7 25. Rd2 Rd7 26. Rhd1 Rgd8 27. Bc3 Kb8 28. Ba5 Rc8 29. Qg3+ Bd6 30. Qh4 Be7 31. e4 fxe4 32. Bxe4 Rf8 33. Rg1 Qf4 34. Rg4 Qf1+ 35. Kb2 Nc8 1/2-1/2

[Event "Oberbayern Bezirksliga 1718"]
[Site "Germany"]
[Date "2017.11.12"]
[Round "2.2"]
[White "Tuchenhagen, Axel"]
[Black "Sailer, Wolfgang"]
[Result "1/2-1/2"]
[WhiteElo "2027"]
[BlackElo "2072"]
[PlyCount "29"]
[EventDate "2017.10.22"]
[EventType "team-tourn"]
[EventRounds "9"]
[EventCountry "GER"]
[SourceTitle "EXT 2019"]
[Source "ChessBase"]
[SourceDate "2018.10.10"]
[SourceVersion "1"]
[SourceVersionDate "2018.10.10"]
[SourceQuality "1"]
[WhiteTeam "Starnberg II"]
[BlackTeam "Neuburg"]
[WhiteTeamCountry "GER"]
[BlackTeamCountry "GER"]

1. d4 Nf6 2. c4 e6 3. Nc3 Bb4 4. f3 c5 5. e3 0-0 6. a3 Bxc3+ 7. bxc3 Nc6 8. Bd3 d6 9. Ne2 e5 10. 0-0 h6 11. d5 Ne7 12. Ng3 Nh7 13. e4 g5 14. Nf5 Nxf5 15. exf5 1/2-1/2

[Event "Oberbayern Bezirksliga 1718"]
[Site "Germany"]
[Date "2017.10.22"]
[Round "1.2"]
[White "Szalewa, Sven"]
[Black "Tuchenhagen, Axel"]
[Result "1/2-1/2"]
[WhiteElo "2042"]
[BlackElo "2027"]
[PlyCount "63"]
[EventDate "2017.10.22"]
[EventType "team-tourn"]
[EventRounds "9"]
[EventCountry "GER"]
[SourceTitle "EXT 2019"]
[Source "ChessBase"]
[SourceDate "2018.10.10"]
[SourceVersion "1"]
[SourceVersionDate "2018.10.10"]
[SourceQuality "1"]
[WhiteTeam "Starnberg"]
[BlackTeam "Starnberg II"]
[WhiteTeamCountry "GER"]
[BlackTeamCountry "GER"]

1. e4 e5 2. Nf3 Nc6 3. Bc4 Nf6 4. d3 Be7 5. 0-0 0-0 6. c3 d6 7. Re1 Na5 8. Nbd2 c5 9. a4 Nc6 10. Nf1 a6 11. Ng3 Rb8 12. d4 cxd4 13. cxd4 Bg4 14. d5 Nd4 15. Be3 Nxf3+ 16. gxf3 Bh3 17. Bf1 Bxf1 18. Rxf1 Rc8 19. Qb3 Qd7 20. Rfc1 g6 21. Bh6 Rfe8 22. Kg2 Bf8 23. Bg5 Bg7 24. Rxc8 Rxc8 25. Rc1 Rxc1 26. Bxc1 h5 27. Qc4 Kh7 28. Bg5 Ng8 29. b3 Bh6 30. Bxh6 Nxh6 31. Qc1 f6 32. h4 1/2-1/2

[Event "Regionalliga SO 1516"]
[Site "Bayern"]
[Date "2015.12.13"]
[Round "4.5"]
[White "Tuchenhagen, Axel"]
[Black "Waldner, Alois"]
[Result "1/2-1/2"]
[WhiteElo "2054"]
[BlackElo "1993"]
[PlyCount "87"]
[EventDate "2015.10.11"]
[EventType "team-tourn"]
[EventRounds "9"]
[EventCountry "GER"]
[SourceTitle "EXT 2018"]
[Source "ChessBase"]
[SourceDate "2017.10.13"]
[SourceVersion "1"]
[SourceVersionDate "2017.10.13"]
[SourceQuality "1"]
[WhiteTeam "Starnberger See"]
[BlackTeam "Waldkraiburg"]
[WhiteTeamCountry "GER"]
[BlackTeamCountry "GER"]

1. d4 Nf6 2. Nf3 b5 3. Bg5 Bb7 4. Qd3 a6 5. Nbd2 h6 6. Bxf6 gxf6 7. a4 bxa4 8. Rxa4 e6 9. Qb3 Bc6 10. Ra5 d5 11. e3 Bd6 12. c3 Rg8 13. g3 Qc8 14. Qa2 Bb7 15. b4 Nd7 16. Be2 f5 17. Nb3 Nb6 18. Nbd2 Nd7 19. Kd1 Ke7 20. Kc2 c6 21. Ra1 Nb8 22. Nb3 f6 23. Ra3 Ra7 24. Na5 Ba8 25. Nb3 Bb7 26. Nc5 Bxc5 27. bxc5 Rg7 28. Qb1 Kf8 29. Qb6 Ra8 30. Rb1 a5 31. Rxa5 Rxa5 32. Qxa5 Rc7 33. Nh4 Kg7 34. Bd3 Ba6 35. Bxa6 Nxa6 36. Rb3 Nb8 37. Qa1 Rb7 38. Ra3 Qc7 39. Qd1 Nd7 40. Qh5 Nf8 41. Ng2 Qb8 42. Ra2 Rb1 43. Ra7+ Qxa7 44. Kxb1 1/2-1/2

[Event "Regionalliga SO 1516"]
[Site "Bayern"]
[Date "2015.11.15"]
[Round "3.5"]
[White "Seitner, Ralf"]
[Black "Tuchenhagen, Axel"]
[Result "1/2-1/2"]
[WhiteElo "2015"]
[BlackElo "2054"]
[PlyCount "33"]
[EventDate "2015.10.11"]
[EventType "team-tourn"]
[EventRounds "9"]
[EventCountry "GER"]
[SourceTitle "EXT 2018"]
[Source "ChessBase"]
[SourceDate "2017.10.13"]
[SourceVersion "1"]
[SourceVersionDate "2017.10.13"]
[SourceQuality "1"]
[WhiteTeam "Ingolstadt"]
[BlackTeam "Starnberger See"]
[WhiteTeamCountry "GER"]
[BlackTeamCountry "GER"]

1. d4 Nf6 2. c4 e6 3. Nc3 Bb4 4. Qc2 c5 5. dxc5 Qa5 6. Bd2 Qxc5 7. e3 d5 8. a3 Bxc3 9. Bxc3 dxc4 10. Bb4 Qc6 11. Qxc4 Qxc4 12. Bxc4 Nc6 13. Bc3 Ne4 14. Ne2 Nxc3 15. Nxc3 a6 16. Rc1 Bd7 17. 0-0 1/2-1/2

[Event "Regionalliga SO 1415"]
[Site "Bayern"]
[Date "2015.02.22"]
[Round "7.4"]
[White "Tuchenhagen, Axel"]
[Black "Jergler, Karl Heinz"]
[Result "1/2-1/2"]
[WhiteElo "2054"]
[BlackElo "2103"]
[PlyCount "20"]
[EventDate "2014.10.19"]
[EventType "team-tourn"]
[EventRounds "9"]
[EventCountry "GER"]
[SourceTitle "EXT 2018"]
[Source "ChessBase"]
[SourceDate "2017.10.13"]
[SourceVersion "1"]
[SourceVersionDate "2017.10.13"]
[SourceQuality "1"]
[WhiteTeam "Starnberger See"]
[BlackTeam "Waldkraiburg"]
[WhiteTeamCountry "GER"]
[BlackTeamCountry "GER"]

1. f4 c5 2. Nf3 Nc6 3. e4 g6 4. Bc4 Bg7 5. c3 e6 6. Qe2 Nge7 7. d3 0-0 8. Nbd2 d5 9. Bb3 b6 10. 0-0 Ba6 1/2-1/2

[Event "Regionalliga SO 1415"]
[Site "Bayern"]
[Date "2015.02.01"]
[Round "6.3"]
[White "Tuchenhagen, Axel"]
[Black "Schweiger, Georg"]
[Result "1/2-1/2"]
[WhiteElo "2054"]
[BlackElo "2072"]
[PlyCount "43"]
[EventDate "2014.10.19"]
[EventType "team-tourn"]
[EventRounds "9"]
[EventCountry "GER"]
[SourceTitle "EXT 2018"]
[Source "ChessBase"]
[SourceDate "2017.10.13"]
[SourceVersion "1"]
[SourceVersionDate "2017.10.13"]
[SourceQuality "1"]
[WhiteTeam "Starnberger See"]
[BlackTeam "Ebersberg Grafing"]
[WhiteTeamCountry "GER"]
[BlackTeamCountry "GER"]

1. d4 d5 2. Nf3 Nf6 3. e3 g6 4. b3 Bg7 5. Bb2 0-0 6. Nbd2 b6 7. Be2 Bb7 8. 0-0 Nbd7 9. c4 c6 10. Qc2 Rc8 11. Rfd1 Re8 12. Rac1 e6 13. b4 c5 14. Qb3 cxb4 15. Qxb4 Bf8 16. Qa4 Bc6 17. Qb3 a5 18. a4 Bb4 19. cxd5 Bxd5 20. Bc4 Qe7 21. Bxd5 exd5 22. Nb1 1/2-1/2

[Event "Regionalliga SO 1415"]
[Site "Bayern"]
[Date "2014.12.07"]
[Round "4.4"]
[White "Schwertler, Philipp"]
[Black "Tuchenhagen, Axel"]
[Result "1/2-1/2"]
[WhiteElo "2037"]
[BlackElo "2054"]
[PlyCount "52"]
[EventDate "2014.10.19"]
[EventType "team-tourn"]
[EventRounds "9"]
[EventCountry "GER"]
[SourceTitle "EXT 2018"]
[Source "ChessBase"]
[SourceDate "2017.10.13"]
[SourceVersion "1"]
[SourceVersionDate "2017.10.13"]
[SourceQuality "1"]
[WhiteTeam "Ilmmuenster"]
[BlackTeam "Starnberger See"]
[WhiteTeamCountry "GER"]
[BlackTeamCountry "GER"]

1. d4 Nf6 2. c4 e5 3. dxe5 Ng4 4. Bf4 Nc6 5. Nf3 Bb4+ 6. Nc3 Qe7 7. Rc1 Ngxe5 8. Nxe5 Nxe5 9. h3 Bxc3+ 10. Rxc3 d6 11. c5 0-0 12. cxd6 cxd6 13. g3 Bf5 14. Bg2 Rac8 15. Rxc8 Rxc8 16. 0-0 h6 17. Qd4 b6 18. Rc1 Rxc1+ 19. Bxc1 Qc7 20. Qd1 Qc5 21. Be3 Qc2 22. Qxc2 Bxc2 23. Bd5 Bf5 24. Bd4 Nd7 25. f4 Be6 26. Bc6 f5 1/2-1/2

[Event "Regionalliga SO 1314"]
[Site "Bayern"]
[Date "2014.02.23"]
[Round "7.4"]
[White "Steinheimer, Juergen"]
[Black "Tuchenhagen, Axel"]
[Result "0-1"]
[WhiteElo "2103"]
[BlackElo "2076"]
[PlyCount "168"]
[EventDate "2013.10.13"]
[EventType "team-tourn"]
[EventRounds "9"]
[EventCountry "GER"]
[SourceTitle "EXT 2015"]
[Source "ChessBase"]
[SourceDate "2014.11.20"]
[SourceVersion "1"]
[SourceVersionDate "2014.11.20"]
[SourceQuality "1"]
[WhiteTeam "Graefelfing"]
[BlackTeam "Starnberger See"]
[WhiteTeamCountry "GER"]
[BlackTeamCountry "GER"]

1. e4 e5 2. Nf3 Nc6 3. Bc4 Be7 4. d4 d6 5. h3 Nf6 6. Nc3 0-0 7. 0-0 Nd7 8. a4 Bf6 9. Be3 exd4 10. Nxd4 Nde5 11. Ba2 Nxd4 12. Bxd4 Be6 13. Nd5 Bxd5 14. Bxd5 Nc6 15. Be3 Qd7 16. c3 a6 17. Qc2 Rae8 18. Rad1 Qc8 19. b4 Nb8 20. Bd4 Nd7 21. Be3 Bd8 22. f3 Nf6 23. Bc4 Re7 24. Bg5 Rd7 25. Bd3 h6 26. Bc1 Re8 27. f4 Rde7 28. Rde1 c6 29. c4 Nd7 30. Bb2 Bc7 31. Re2 a5 32. b5 Nc5 33. Rfe1 Qb8 34. Qc3 f6 35. Bc2 Ne6 36. g3 Bb6+ 37. Kg2 Bd4 38. Qa3 Bxb2 39. Qxb2 c5 40. f5 Nd4 41. Rf2 Re5 42. Qc3 b6 43. Bb1 Qb7 44. Kh2 Qe7 45. Rg1 Qc7 46. Bd3 R8e7 47. Bb1 Qb8 48. Rgg2 Qe8 49. Rf4 Rxe4 50. Bxe4 Rxe4 51. Rxe4 Qxe4 52. Rf2 Nxf5 53. Qf3 Qxf3 54. Rxf3 Nd4 55. Re3 Kf7 56. g4 Nc2 57. Re4 Nb4 58. Kg3 Nd3 59. Kf3 Ne5+ 60. Kf4 Ke6 61. Ke3 g5 62. Kd2 f5 63. gxf5+ Kxf5 64. Re2 Nxc4+ 65. Kc3 Ne5 66. Rf2+ Kg6 67. Rf8 h5 68. Rh8 h4 69. Rg8+ Kf5 70. Rb8 g4 71. hxg4+ Kxg4 72. Rxb6 d5 73. Rd6 d4+ 74. Kc2 h3 75. b6 Nc4 76. b7 Nxd6 77. b8Q h2 78. Qb1 Nf5 79. Qh1 Kh3 80. Kd3 Ng3 81. Qd5 h1Q 82. Qxc5 Qe4+ 83. Kc4 d3+ 84. Kb5 Qb4+ 0-1

[Event "Regionalliga SO 1314"]
[Site "Bayern"]
[Date "2014.01.19"]
[Round "5.4"]
[White "Tuchenhagen, Axel"]
[Black "Krause, Christian"]
[Result "1/2-1/2"]
[WhiteElo "2076"]
[BlackElo "1990"]
[PlyCount "35"]
[EventDate "2013.10.13"]
[EventType "team-tourn"]
[EventRounds "9"]
[EventCountry "GER"]
[SourceTitle "EXT 2015"]
[Source "ChessBase"]
[SourceDate "2014.11.20"]
[SourceVersion "1"]
[SourceVersionDate "2014.11.20"]
[SourceQuality "1"]
[WhiteTeam "Starnberger See"]
[BlackTeam "Ebersberg Grafing"]
[WhiteTeamCountry "GER"]
[BlackTeamCountry "GER"]

1. d4 d6 2. c4 g6 3. Nc3 Bg7 4. e4 e5 5. d5 a5 6. h4 h5 7. g3 Na6 8. Bh3 Nc5 9. Be3 b6 10. Bxc8 Qxc8 11. f3 Bh6 12. Qe2 f6 13. Nh3 Bxe3 14. Qxe3 Nh6 15. 0-0-0 Qd7 16. Nb5 Kd8 17. Kb1 Kc8 18. Rc1 1/2-1/2

[Event "Regionalliga SO 1314"]
[Site "Bayern"]
[Date "2013.11.24"]
[Round "3.4"]
[White "Tuchenhagen, Axel"]
[Black "Gnegel, Boris Igor"]
[Result "1/2-1/2"]
[WhiteElo "2076"]
[BlackElo "1989"]
[PlyCount "46"]
[EventDate "2013.10.13"]
[EventType "team-tourn"]
[EventRounds "9"]
[EventCountry "GER"]
[SourceTitle "EXT 2015"]
[Source "ChessBase"]
[SourceDate "2014.11.20"]
[SourceVersion "1"]
[SourceVersionDate "2014.11.20"]
[SourceQuality "1"]
[WhiteTeam "Starnberger See"]
[BlackTeam "Tegernsee"]
[WhiteTeamCountry "GER"]
[BlackTeamCountry "GER"]

1. d4 Nc6 2. Nf3 d6 3. d5 Ne5 4. Nxe5 dxe5 5. e4 Nf6 6. Bb5+ Bd7 7. Qe2 a6 8. Bc4 b5 9. Bb3 c5 10. c4 b4 11. 0-0 e6 12. Nd2 Bd6 13. f4 Qc7 14. Nf3 0-0 15. fxe5 Bxe5 16. Bg5 exd5 17. exd5 Rfe8 18. Nxe5 Rxe5 19. Bf4 Rxe2 20. Bxc7 Rae8 21. Rf2 Rxf2 22. Kxf2 g5 23. Re1 Ne4+ 1/2-1/2

[Event "Regionalliga SO 1314"]
[Site "Bayern"]
[Date "2013.11.10"]
[Round "2.4"]
[White "Hinterreiter, Markus"]
[Black "Tuchenhagen, Axel"]
[Result "1/2-1/2"]
[WhiteElo "2115"]
[BlackElo "2076"]
[PlyCount "102"]
[EventDate "2013.10.13"]
[EventType "team-tourn"]
[EventRounds "9"]
[EventCountry "GER"]
[SourceTitle "EXT 2015"]
[Source "ChessBase"]
[SourceDate "2014.11.20"]
[SourceVersion "1"]
[SourceVersionDate "2014.11.20"]
[SourceQuality "1"]
[WhiteTeam "Trostberg"]
[BlackTeam "Starnberger See"]
[WhiteTeamCountry "GER"]
[BlackTeamCountry "GER"]

1. e4 e5 2. Nf3 Nc6 3. Bc4 Be7 4. 0-0 Nf6 5. d3 0-0 6. Re1 d6 7. a4 Ne8 8. a5 a6 9. Nc3 Bg4 10. h3 Bh5 11. Nd5 Bxf3 12. Nxe7+ Qxe7 13. Qxf3 Nd4 14. Qd1 Ne6 15. c3 Nf6 16. d4 Rae8 17. b3 Nd7 18. Ra2 Qh4 19. Bf1 Qf6 20. dxe5 Qxe5 21. Qd2 Nec5 22. f4 Qe7 23. Bc4 Nxe4 24. Qd4 c5 25. Qd3 Ndf6 26. Rae2 Qd8 27. Rxe4 Rxe4 28. Rxe4 Nxe4 29. Qxe4 Re8 30. Qc2 d5 31. Bd3 Qxa5 32. Bxh7+ Kf8 33. Bd3 b5 34. c4 bxc4 35. bxc4 Qa1 36. Kh2 Re1 37. Bd2 Rh1+ 38. Kg3 d4 39. Be2 Qb1 40. Qa4 Qb2 41. Qd7 g6 42. Qd6+ Kg8 43. Qd8+ Kg7 44. Qa5 Ra1 45. Qxc5 Qxd2 46. Qe5+ Kh7 47. Qf6 Qe1+ 48. Kh2 Qg1+ 49. Kg3 Qe1+ 50. Kh2 Qg1+ 51. Kg3 Qe1+ 1/2-1/2

[Event "Regionalliga SO 1314"]
[Site "Bayern"]
[Date "2013.10.13"]
[Round "1.4"]
[White "Tuchenhagen, Axel"]
[Black "Jergler, Karl Heinz"]
[Result "1/2-1/2"]
[WhiteElo "2076"]
[BlackElo "2090"]
[PlyCount "56"]
[EventDate "2013.10.13"]
[EventType "team-tourn"]
[EventRounds "9"]
[EventCountry "GER"]
[SourceTitle "EXT 2015"]
[Source "ChessBase"]
[SourceDate "2014.11.20"]
[SourceVersion "1"]
[SourceVersionDate "2014.11.20"]
[SourceQuality "1"]
[WhiteTeam "Starnberger See"]
[BlackTeam "Waldkraiburg"]
[WhiteTeamCountry "GER"]
[BlackTeamCountry "GER"]

1. d4 Nf6 2. c4 g6 3. Nc3 d5 4. cxd5 Nxd5 5. Bg5 Nxc3 6. bxc3 Bg7 7. Nf3 c5 8. e3 0-0 9. Be2 cxd4 10. cxd4 Nc6 11. 0-0 Be6 12. Qa4 Bd5 13. Rab1 Qd7 14. Rfd1 Rfd8 15. Qa3 Bf6 16. Bxf6 exf6 17. Nd2 f5 18. Bf3 Rac8 19. Rbc1 b6 20. Rc3 Ne7 21. Rdc1 Rxc3 22. Rxc3 Bxf3 23. Nxf3 Nd5 24. Rc2 f6 25. Qc1 a5 26. Rc6 Re8 27. g3 Re6 28. Rc8+ Kg7 1/2-1/2

[Event "Regionalliga SO 1213"]
[Site "Bayern"]
[Date "2013.03.17"]
[Round "8.4"]
[White "Krause, Christian"]
[Black "Tuchenhagen, Axel"]
[Result "0-1"]
[WhiteElo "1988"]
[BlackElo "2073"]
[PlyCount "118"]
[EventDate "2012.10.14"]
[EventType "team-tourn"]
[EventRounds "9"]
[EventCountry "GER"]
[SourceTitle "EXT 2015"]
[Source "ChessBase"]
[SourceDate "2014.11.20"]
[SourceVersion "1"]
[SourceVersionDate "2014.11.20"]
[SourceQuality "1"]
[WhiteTeam "Ebersberg Grafing"]
[BlackTeam "Starnberger See"]
[WhiteTeamCountry "GER"]
[BlackTeamCountry "GER"]

1. c4 e5 2. Nc3 Nc6 3. g3 Nf6 4. Bg2 Bc5 5. e3 d6 6. Nge2 a6 7. 0-0 0-0 8. d3 Re8 9. a3 Bf5 10. Nd5 Nxd5 11. cxd5 Ne7 12. d4 exd4 13. Nxd4 Qd7 14. b4 Bb6 15. Bb2 Bh3 16. e4 Ng6 17. f3 Ne5 18. Kh1 Nc4 19. Qe2 Nxb2 20. Qxb2 Bxg2+ 21. Kxg2 g6 22. Rae1 a5 23. Nc2 axb4 24. axb4 Ra4 25. Ra1 Qb5 26. Rfe1 Rxa1 27. Nxa1 Ra8 28. e5 Qxd5 29. exd6 Bd4 30. Qb3 Qxd6 31. Nc2 Bb6 32. Re2 Qd7 33. Ne1 Re8 34. Qb2 Rxe2+ 35. Qxe2 Qd4 36. Nd3 h5 37. Qe8+ Kg7 38. Qe5+ Qxe5 39. Nxe5 Bd4 40. Nc4 Kf6 41. Kf1 Ke6 42. Ke2 Bc3 43. b5 b6 44. Kd3 Bg7 45. Ne3 Bh6 46. f4 Bf8 47. Kc4 Bc5 48. Nd5 Kd6 49. h3 f5 50. Nc3 Bf2 51. g4 Be1 52. Nd1 fxg4 53. hxg4 hxg4 54. Ne3 g3 55. f5 gxf5 56. Nxf5+ Ke5 57. Nh4 Bf2 58. Ng2 Ke4 59. Nh4 Bc5 0-1

[Event "Regionalliga SO 0708"]
[Site "Bayern"]
[Date "2007.10.21"]
[Round "1.3"]
[White "Graf, Christian"]
[Black "Tuchenhagen, Axel"]
[Result "1/2-1/2"]
[WhiteElo "2045"]
[BlackElo "2100"]
[PlyCount "119"]
[EventDate "2007.10.21"]
[EventType "team-tourn"]
[EventRounds "9"]
[EventCountry "GER"]
[SourceTitle "EXT 2009"]
[Source "ChessBase"]
[SourceDate "2008.11.26"]
[SourceVersion "1"]
[SourceVersionDate "2008.11.26"]
[SourceQuality "1"]
[WhiteTeam "Pang/Rosenheim II"]
[BlackTeam "Starnberg"]
[WhiteTeamCountry "GER"]
[BlackTeamCountry "GER"]

1. e4 e5 2. Nf3 Nc6 3. Bb5 a6 4. Ba4 Nf6 5. 0-0 Be7 6. Re1 b5 7. Bb3 0-0 8. h3 d6 9. c3 Bb7 10. d4 Nd7 11. Nbd2 Bf6 12. Nf1 Re8 13. Ng3 g6 14. Bh6 Na5 15. d5 Nxb3 16. axb3 Qe7 17. c4 c5 18. Qd3 b4 19. Ra5 Qd8 20. Rea1 Be7 21. Qd2 Qc7 22. Nh2 Ra7 23. Nf3 Bd8 24. R5a2 Be7 25. Ra5 Rea8 26. Qd3 Qd8 27. Qd2 Bc8 28. Qd3 f6 29. Bd2 Qe8 30. Nh2 Bd8 31. R5a2 a5 32. Ng4 Nb6 33. Ne3 Be7 34. Ng4 h5 35. Ne3 Bf8 36. h4 Kh7 37. Qe2 Bh6 38. Nef1 Qf8 39. Ne3 Qf7 40. Nef1 Bg4 41. Qd3 Bg7 42. Ne3 Bd7 43. Qe2 Be8 44. Qd3 Qd7 45. Qe2 a4 46. bxa4 Rxa4 47. Rxa4 Rxa4 48. Qd1 Rxa1 49. Qxa1 Qa4 50. Qxa4 Bxa4 51. Ne2 Bb3 52. Nc1 Bxc4 53. b3 Bb5 54. f3 Bh6 55. Kf2 c4 56. Bxb4 f5 57. bxc4 Nxc4 58. Nxc4 Bxc4 59. Ne2 Bf8 60. g3 1/2-1/2